EMU, adjustment, and exchange rate variability

Salvato in:
Dettagli Bibliografici
Autore principale: Ricci, Luca Antonio
Altri autori: Isard, Peter
Natura: Libro
Lingua:inglese
Pubblicazione: Washington IMF 1998
Serie:IMF Working Paper 50
Soggetti:
Tags: Aggiungi Tag
Nessun Tag, puoi essere il primo ad aggiungerne!!

MARC

LEADER 00000nam a2200000 4500
001 c102595
005 20221221082214.2
041 0 |a eng 
044 |a US 
245 1 0 |a EMU, adjustment, and exchange rate variability  |c Luca Antonio Ricci and Peter Isard 
264 1 |a Washington  |b IMF  |c 1998 
300 |a 27 s. 
490 1 |a IMF Working Paper  |v 50 
830 0 |a IMF Working Paper  |v 50 
610 2 0 |a Európska únia 
610 2 0 |a mena 
610 2 0 |a únie menové 
610 2 0 |a Európska menová únia 
610 2 0 |a rovnováha trhová 
610 2 0 |a politika menová 
610 2 0 |a politika peňažná 
100 1 |a Ricci, Luca Antonio 
700 1 |a Isard, Peter